Demon slayer 12 kizukis(fast typing) - Statistics

General Stats
  • This quiz has been taken 252 times
  • The average score is 8 of 13
Answer Stats
Answer % Correct
akaza
95%
doma
93%
kokushibo
88%
daki
84%
gyokko
77%
gyutaro
77%
hantengu
75%
rui
69%
enmu
65%
mukago
21%
rokuro
21%
wakuraba
18%
kamanue
17%
No matching quizzes found
Score Distribution
Percent of People with Each Score
Percentile by Number Answered
Your Score History
You have not taken this quiz